000 00805nam a2200229Ii 4500
003 JO-AjNU
008 230605s9999||||xx |||||||||||||| ||und||
017 _a1976/4648
020 _a977-7236-34-4
040 _aJO-AjNU
_bara
_erda
_cJO-AjNU
041 _aara
050 1 4 _aBP128.47.B2 1976
100 3 _aالبهي، محمد,
_eauthor
_919818
245 0 0 _aالتفسير الموضوعي للقرآن الكريم : تفسير سورة يوسف: القران في مواجهة المادية
250 _aط1
264 3 1 _aالقاهرة: مكتبة وهبة، 1976
300 _a62ص
336 _atext
_btxt
_2rdacontent
337 _aunmediated
_bn
_2rdamedia
338 _avolume
_bnc
_2rdacarrier
650 4 _aسورة يوسف - تفسير - القران الكريم - تفسير
_919819
999 _aA6607
_c10175
_d10175